| 000 | 00481nam a2200181Ia 4500 | ||
|---|---|---|---|
| 008 | 240925s9999 xx 000 0 und d | ||
| 020 | _a9789332586079 | ||
| 082 | _a658.1599 EIT | ||
| 100 | _aEiteman ,David K. ; Stonehill, Arthur I. | ||
| 245 | 0 | _aMultinational Business Finance | |
| 250 | _a14th | ||
| 260 |
_aIndia: _bPearson Education _c,2018. |
||
| 300 |
_a477p. _b0 _fOriginal |
||
| 500 | _aIncludes Index | ||
| 600 | _aManagement | ||
| 650 | _aManagement | ||
| 942 | _cBK | ||
| 999 |
_c16314 _d16314 |
||